00456nam a2200169Ia 4500008004100000020001500041041000800056082002000064100002100084245005700105250000600162260003900168300000800207365001400215650004100229700001600270140306s9999 xx 000 0 und d a8131700631 aeng a658.406bBRO/EX aBrown, Donald R. aAn Experiential Approach to Organisation Development a7 aNew DelhibPearson Educationc2006 a528 bRs. 299/- aDeveloping Excellence in individuals aHarvey, Don